UM Logo

Logic and computer design fundamentals/ (Record no. 3095)

MARC details
000 -LEADER
fixed length control field 00715nam a22002177a 4500
008 - FIXED-LENGTH DATA ELEMENTS--GENERAL INFORMATION
fixed length control field 160622b xxu||||| |||| 00| 0 eng d
020 ## - INTERNATIONAL STANDARD BOOK NUMBER
International Standard Book Number 0-13-206711-0
082 ## - DEWEY DECIMAL CLASSIFICATION NUMBER
Edition number 2008
Classification number DC 621.395
Item number M31l
100 ## - MAIN ENTRY--PERSONAL NAME
9 (RLIN) 10327
Personal name Mano, M. Morris.
245 ## - TITLE STATEMENT
Title Logic and computer design fundamentals/
Statement of responsibility, etc. M. Morris Mano, Charles R. Kime.
250 ## - EDITION STATEMENT
Edition statement Fourth Edition.
260 ## - PUBLICATION, DISTRIBUTION, ETC. (IMPRINT)
Place of publication, distribution, etc. New Jersey :
Name of publisher, distributor, etc. Pearson Prentice Hall,
Date of publication, distribution, etc. c2008.
300 ## - PHYSICAL DESCRIPTION
Extent 696 pages:
Other physical details illustrations;
Dimensions 23 cm.
500 ## - GENERAL NOTE
General note Includes index.
650 #0 - SUBJECT ADDED ENTRY--TOPICAL TERM
9 (RLIN) 10328
Topical term or geographic name as entry element Electronic digital computers
General subdivision Circuits
650 #0 - SUBJECT ADDED ENTRY--TOPICAL TERM
9 (RLIN) 10329
Topical term or geographic name as entry element Logic circuits
650 #0 - SUBJECT ADDED ENTRY--TOPICAL TERM
9 (RLIN) 10330
Topical term or geographic name as entry element Logic design
700 ## - ADDED ENTRY--PERSONAL NAME
9 (RLIN) 10331
Personal name Kime, Charles R.
365 ## - TRADE PRICE
Price amount 10,425.00
Currency code Php
942 ## - ADDED ENTRY ELEMENTS (KOHA)
Source of classification or shelving scheme Dewey Decimal Classification
Koha item type Circulation
Holdings
Withdrawn status Lost status Source of classification or shelving scheme Damaged status Not for loan Collection code Home library Current library Date acquired Source of acquisition Total Checkouts Full call number Barcode Date last seen Copy number Cost, replacement price Price effective from Koha item type
    Dewey Decimal Classification     Circulation UM Digos College - LIC UM Digos College - LIC 01/12/2009 Purchased   DC 621.395 M31l 2008 19951 05/15/2025 1 10425.00 06/22/2016 Circulation